Estadísticas para Adivinar las Películas por Escenas (Argentina #1)

Haz click aquí para intentar la prueba.

Estadísticas generales

  • Esta prueba ha sido intentada 66 veces
    (65 desde el último reinicio)
  • La puntuación promedio es 9 de 20

Estadísticas de respuestas

Respuesta% Correcto
Metegol
83%
Nueve Reinas
83%
Esperando La Carroza
81%
El Secreto De Sus Ojos
71%
Relatos Salvajes
67%
Los Bañeros Mas Locos Del Mundo
63%
Gilda
58%
Un Novio Para Mi Mujer
50%
Tiempo De Valientes
44%
El Hijo De La Novia
40%
Corazón De León
35%
La Historia Oficial
35%
Pizza, Birra, Faso
35%
Caballos Salvajes
29%
La Odisea De Los Giles
29%
Papeles En El Viento
27%
Camila
21%
El Polaquito
17%
Un Oso Rojo
13%
El Angel
12%

Distribución de puntuación

Porcentaje por número respondido

Porcentaje de gente con cada puntuación

Historial de tus puntuaciones

No has intentado esta prueba desde el último reinicio